Quantum Mechanics / (Record no. 29262)

000 -LEADER
fixed length control field 00548 a2200181 4500
020 ## - INTERNATIONAL STANDARD BOOK NUMBER
International Standard Book Number 8188658871
024 ## - OTHER STANDARD IDENTIFIER
Standard number or code 8188658871
028 ## - PUBLISHER NUMBER
Publisher number Shree Publishing
082 ## - DEWEY DECIMAL CLASSIFICATION NUMBER
Classification number 530.12
090 ## - LOCALLY ASSIGNED LC-TYPE CALL NUMBER (OCLC); LOCAL CALL NUMBER (RLIN)
-- 632
-- 632
100 ## - MAIN ENTRY--PERSONAL NAME
Personal name Aneja, Rita
245 ## - TITLE STATEMENT
Title Quantum Mechanics /
Statement of responsibility, etc. Dr. Ritu Aneja
260 ## - PUBLICATION, DISTRIBUTION, ETC.
Place of publication, distribution, etc. New Delhi, India
Name of publisher, distributor, etc. Shree Publishing
Date of publication, distribution, etc. 2004
300 ## - PHYSICAL DESCRIPTION
Extent vii, 274
700 ## - ADDED ENTRY--PERSONAL NAME
Relator code Aneja Ritu
942 ## - ADDED ENTRY ELEMENTS (KOHA)
Institution code [OBSOLETE] SNS
Koha item type Book
Call number prefix 530.12 ANE
Holdings
Withdrawn status Lost status Source of classification or shelving scheme Damaged status Not for loan Permanent Location Current Location Shelving location Date acquired Full call number Barcode Date last seen Price effective from Koha item type
        Not For Loan School of Natural Sciences (SNS) School of Natural Sciences (SNS) Reference 05/26/2016 530.12 ANE SNS0000782 05/26/2016 05/26/2016 Book
© 2023 Central Library, National University of Sciences and Technology. All Rights Reserved.